A general introduction to psychoanalysis
Gespeichert in:
| 1. Verfasser: | |
|---|---|
| Format: | Buch |
| Sprache: | Undetermined |
| Veröffentlicht: |
New York
Garden City Publishing Company, Inc
1920
|
| Schlagworte: | |
| Tags: |
Tag hinzufügen
Keine Tags, Fügen Sie den ersten Tag hinzu!
|
| Thư viện lưu trữ: | Trung tâm Học liệu Trường Đại học Cần Thơ |
|---|
| LEADER | 00529nam a2200181Ia 4500 | ||
|---|---|---|---|
| 001 | CTU_90053 | ||
| 008 | 210402s9999 xx 000 0 und d | ||
| 082 | |a 150 | ||
| 082 | |b F889 | ||
| 100 | |a Freud, Sigmund | ||
| 245 | 2 | |a A general introduction to psychoanalysis | |
| 245 | 0 | |c Sigmund Freud; Joan Riviere,...[et al] | |
| 260 | |a New York | ||
| 260 | |b Garden City Publishing Company, Inc | ||
| 260 | |c 1920 | ||
| 650 | |a Psychoanalysis | ||
| 904 | |i Mai Loan,Hải | ||
| 980 | |a Trung tâm Học liệu Trường Đại học Cần Thơ | ||